Normal view
MARC view
- Floyd, Nancy A. |q (Nancy Arthur)
Entry Personal Name
001 - CONTROL NUMBER
- control field: 751
003 - CONTROL NUMBER IDENTIFIER
- control field: OSt
005 - DATE AND TIME OF LATEST TRANSACTION
- control field: 20170503114356.0
008 - FIXED-LENGTH DATA ELEMENTS
- fixed length control field: 170503|| aca||aabn | a|a d
040 ## - CATALOGING SOURCE
- Original cataloging agency: OSt
- Transcribing agency: OSt
100 ## - HEADING--PERSONAL NAME
- Personal name: Floyd, Nancy A. |q (Nancy Arthur)
670 ## - SOURCE DATA FOUND
- Source citation: Work cat.: (OSt): Floyd, Nancy A. |q (Nancy Arthur), Essentials of data processing, 1987.

PORTAL AKMAL
E-MEL JKDM
AKMAL2U
G-BAM
u-PUSTAKA